000 00766cam2a220021700 4500
001 tmp15682715
003 UPRA
005 20190822121620.0
008 951003s1970 gw eng u
035 _a(Sirsi) r52299
035 _a(UPRA)tmp15682715
040 _cUPRA
100 1 _aSamson, J. A. (Jules A.)
_qSamson, J. A. (Jules A.)
_6A10819.1
245 1 0 _aLet us plant oranges, lemons and other citrus fruits.
260 _aMunchen :
_bBattenberg,
_c[1970]
490 1 _aKnow how. A book collection for tropical countries
650 0 _aCitrus fruits.
_6S7195.1
810 2 _aKnow how. Book collection for tropical countries
_tKnow how. Book collection for tropical countries
_6S2822.1
949 _aSB369
_wlcc
_i-66545
_mMAIN
_tBOOK
_lON-SHELF
004 52299
999 _c135063
_d135063